Buttane /
Enregistré dans:
| Autres auteurs: | , , , , |
|---|---|
| Format: | |
| Langue: | italien |
| Collection: | L'Espresso cinema ;
16 |
| Tags: |
Pas de tags, Soyez le premier à ajouter un tag!
|
MARC
| LEADER | 00000ngm a22000007i 4500 | ||
|---|---|---|---|
| 001 | IT\ICCU\UBO\2622982 | ||
| 003 | ItRI | ||
| 005 | 20260124182857.0 | ||
| 008 | 050104quuuuuuuuit |||||||||||||||k|||||c | ||
| 040 | |b ita | ||
| 041 | 7 | |a ita |2 ISO-639-2 | |
| 245 | 0 | 0 | |a Buttane / |c regia di Aurelio Grimaldi. - [Roma] : L'Espresso, [199-?]. - 1 videocassetta (VHS) (ca. 80 min.) : color., son. ((Tit. del contenitore. - Interpreti: Ida Di Benedetto, Guia Jelo, Lucia Sardo, Alessandra Di Sanzo. - Film vietato ai minori di 14 anni. - Suppl. a L'Espresso. |
| 700 | 1 | |a Grimaldi, Aurelio, |d (1957- ) |0 IT\ICCU\CFIV\048209 | |
| 700 | 1 | |a Di Benedetto, Ida |0 IT\ICCU\RAVV\099759 | |
| 700 | 1 | |a Di Sanzo, Alessandra |0 IT\ICCU\RAVV\328082 | |
| 700 | 1 | |a Jelo, Guia |0 IT\ICCU\RAVV\472967 | |
| 700 | 1 | |a Sardo, Lucia, |d (1952- ) |0 IT\ICCU\TSAV\342787 | |
| 790 | 1 | |a Di Sanzo, Alessandro |3 IT\ICCU\SBNV\025347 |z Di Sanzo, Alessandra | |
| 790 | 1 | |a Jelo, Guja |3 IT\ICCU\SBNV\026495 |z Jelo, Guia | |
| 790 | 1 | |a Ielo, Guia |3 IT\ICCU\SBNV\046125 |z Jelo, Guia | |
| 790 | 1 | |a Jelo di Lentini, Guia |3 IT\ICCU\SBNV\046126 |z Jelo, Guia | |
| 790 | 1 | |a Jelo di Lentini, Guglielmina Francesca Maria |3 IT\ICCU\SBNV\046127 |z Jelo, Guia | |
| 830 | 2 | |a L'Espresso cinema ; |v 16 |0 IT\ICCU\REA\0040382 | |
| 942 | |2 ddc |c VM |n 0 | ||
| 952 | |0 0 |1 0 |4 0 |6 VO_786_000000000000000 |7 0 |9 27410 |a BO |b BO |d 2026-01-24 |i 7686 |l 0 |o VO 786 |p BO7686 |r 2026-01-24 18:28:57 |w 2026-01-24 |x [Sebina 5] [1 videocassetta] |y VM |z 1 videocassetta | ||
| 999 | |c 23217 |d 23217 | ||